00551nam a2200193 a 450000100060000000300080000600500170001400800410003102000150007203500190008704000320010604100080013808200260014610000220017224500640019426000460025830000290030465000240033368043BD-RjUL20211209081726.0170330s2003 ii a 000 0 eng  a8126113677 a(BD-RjUL)68252 aDLCcDLCdDLCdBD-RjULbeng aeng00a579.135223bRAG 20031 aRajan, S. Sundara10aGenetics and physiology of microbes /cby S. Sundara Rajan. aNew Delhi :bAnmol Pub. Pvt. Ltd.,c2003. a220 p. :bill. ;c21 cm. 0aMicrobial genetics.